Residential energy auditing and improvement / (Record no. 19546)
[ view plain ]
| 000 -LEADER | |
|---|---|
| fixed length control field | 00894cam a22002655a 4500 |
| 001 - CONTROL NUMBER | |
| control field | 18020411 |
| 005 - DATE AND TIME OF LATEST TRANSACTION | |
| control field | 20150809110947.0 |
| 008 - FIXED-LENGTH DATA ELEMENTS--GENERAL INFORMATION | |
| fixed length control field | 140127t2014 gaua fr 001 0 eng d |
| 020 ## - INTERNATIONAL STANDARD BOOK NUMBER | |
| International Standard Book Number | 0881737267 |
| 020 ## - INTERNATIONAL STANDARD BOOK NUMBER | |
| International Standard Book Number | 9781482244625 |
| 040 ## - CATALOGING SOURCE | |
| Original cataloging agency | DLC |
| Language of cataloging | eng |
| Transcribing agency | DLC |
| Modifying agency | DLC |
| -- | EG-ScBUE |
| 082 04 - DEWEY DECIMAL CLASSIFICATION NUMBER | |
| Classification number | 696 |
| Item number | HAR |
| Edition number | 22 |
| 100 1# - MAIN ENTRY--PERSONAL NAME | |
| Personal name | Harbuck, Stan. |
| 9 (RLIN) | 38263 |
| 245 10 - TITLE STATEMENT | |
| Title | Residential energy auditing and improvement / |
| Statement of responsibility, etc | by Stan Harbuck, Donna Harbuck. |
| 260 ## - PUBLICATION, DISTRIBUTION, ETC. (IMPRINT) | |
| Place of publication, distribution, etc | Lilburn, Georgia : |
| Name of publisher, distributor, etc | The Fairmont Press ; |
| Place of publication, distribution, etc | Boca Raton, [Florida] : |
| Name of publisher, distributor, etc | CRC Press / Taylor & Francis Group, |
| Date of publication, distribution, etc | c.2014. |
| 300 ## - PHYSICAL DESCRIPTION | |
| Extent | xiv, 647 p. : |
| Other physical details | ill. ; |
| Dimensions | 24 cm. |
| 500 ## - GENERAL NOTE | |
| General note | Index : p. 637-647. |
| 650 #0 - SUBJECT ADDED ENTRY--TOPICAL TERM | |
| Topical term or geographic name as entry element | Dwellings |
| General subdivision | Energy conservation. |
| Source of heading or term | BUEsh |
| 650 #0 - SUBJECT ADDED ENTRY--TOPICAL TERM | |
| Topical term or geographic name as entry element | Energy auditing. |
| Source of heading or term | BUEsh |
| 651 ## - SUBJECT ADDED ENTRY--GEOGRAPHIC NAME | |
| Source of heading or term | BUEsh |
| 653 ## - INDEX TERM--UNCONTROLLED | |
| Resource For college | Engineering, General |
| Arrived date list | June2015 |
| -- | August2015 |
| 655 ## - INDEX TERM--GENRE/FORM | |
| Form subdivision | |
| -- | 34232 |
| 700 1# - ADDED ENTRY--PERSONAL NAME | |
| Personal name | Harbuck, Donna. |
| 942 ## - ADDED ENTRY ELEMENTS (KOHA) | |
| Source of classification or shelving scheme | Dewey Decimal Classification |
| Call number prefix | 696 HAR |
| Withdrawn status | Lost status | Source of classification or shelving scheme | Damaged status | Not for loan | Koha collection | Home library | Current library | Shelving location | Date acquired | Source of acquisition | Cost, normal purchase price | Total Checkouts | Full call number | Barcode | Date last seen | Cost, replacement price | Koha item type |
|---|---|---|---|---|---|---|---|---|---|---|---|---|---|---|---|---|---|
| Dewey Decimal Classification | Baccah | Central Library | Central Library | First floor | 10/06/2015 | 620.00 | 696 HAR | 000038504 | 15/07/2025 | 775.00 | Book - Borrowing |